|
|
|
|
| LEADER |
00000cam a22000004a 4500 |
| 001 |
musev2_73908 |
| 003 |
MdBmJHUP |
| 005 |
20230905051641.0 |
| 006 |
m o d |
| 007 |
cr||||||||nn|n |
| 008 |
200402s2010 mnu o 00 0 eng d |
| 020 |
|
|
|a 9781942304678
|
| 020 |
|
|
|z 1942304676
|
| 020 |
|
|
|z 9781932688566
|
| 020 |
|
|
|z 1932688560
|
| 035 |
|
|
|a (OCoLC)1227050577
|
| 040 |
|
|
|a MdBmJHUP
|c MdBmJHUP
|
| 245 |
0 |
0 |
|a Lutheran Perspectives on Biblical Interpretation /
|c Laurie Jungling, editor.
|
| 264 |
|
1 |
|a Minneapolis, Minn. :
|b Lutheran University Press,
|c 2010.
|
| 264 |
|
3 |
|a Baltimore, Md. :
|b Project MUSE,
|c 2021
|
| 264 |
|
4 |
|c ©2010.
|
| 300 |
|
|
|a 1 online resource (130 pages).
|
| 336 |
|
|
|a text
|b txt
|2 rdacontent
|
| 337 |
|
|
|a computer
|b c
|2 rdamedia
|
| 338 |
|
|
|a online resource
|b cr
|2 rdacarrier
|
| 490 |
0 |
|
|a Hearing the Word series. Series XIX
|
| 588 |
|
|
|a Description based on print version record.
|
| 630 |
0 |
7 |
|a Bible.
|2 fast
|0 (OCoLC)fst01356024
|
| 630 |
0 |
0 |
|a Bible
|x Hermeneutics.
|
| 610 |
2 |
7 |
|a Evangelical Lutheran Church in America.
|2 fast
|0 (OCoLC)fst00633677
|
| 610 |
2 |
0 |
|a Evangelical Lutheran Church in America
|x Doctrines.
|
| 650 |
|
7 |
|a Theology, Doctrinal.
|2 fast
|0 (OCoLC)fst01149617
|
| 650 |
|
7 |
|a Hermeneutics.
|2 fast
|0 (OCoLC)fst00955492
|
| 655 |
|
7 |
|a Electronic books.
|2 local
|
| 700 |
1 |
|
|a Jungling, Laurie.
|
| 710 |
2 |
|
|a Project Muse.
|e distributor
|
| 830 |
|
0 |
|a Book collections on Project MUSE.
|
| 856 |
4 |
0 |
|z Texto completo
|u https://projectmuse.uam.elogim.com/book/73908/
|
| 945 |
|
|
|a Project MUSE - Custom Collection
|
| 945 |
|
|
|a Project MUSE - Archive Complete Supplement IX
|
| 945 |
|
|
|a Project MUSE - Archive Philosophy and Religion Supplement IX
|